[Event "Plunge City-ch"]
[Site "Plunge"]
[Date "2016.01.17"]
[Round "9.4"]
[White "Jurcius, Modestas"]
[Black "Maciuityte, Meda"]
[Result "1-0"]
[WhiteElo "1479"]
[BlackElo "1603"]
[PlyCount "67"]
[EventDate "2016.01.17"]
[EventType "swiss"]
[EventRounds "9"]
[EventCountry "LTU"]
[SourceTitle "EXT 2024"]
[Source "ChessBase"]
[SourceDate "2023.10.10"]
[SourceVersion "1"]
[SourceVersionDate "2023.10.10"]
[SourceQuality "1"]

1. e4 e6 2. d4 d5 3. exd5 exd5 4. Bf4 Bd6 5. Bxd6 Qxd6 6. Nd2 Nf6 7. Qe2+ Be6 8. 0-0-0 0-0 9. Ngf3 Re8 10. g3 Bg4 11. Qd3 Nc6 12. a3 Ne4 13. Bg2 Nxf2 14. Qb3 Nxd1 15. Rxd1 Nxd4 16. Nxd4 Bxd1 17. Kxd1 Qe5 18. N2f3 Qe4 19. Qc3 c6 20. Bf1 f6 21. Bd3 Qe7 22. Kc1 Qe3+ 23. Kb1 Qf2 24. h4 Re3 25. Nd2 c5 26. Nf5 Re1+ 27. Ka2 c4 28. Nxc4 Rc8 29. Nfd6 Rc7 30. Qa5 Ree7 31. Qxd5+ Kf8 32. Bxh7 Red7 33. Qg8+ Ke7 34. Qe8# 1-0

[Event "Plunge City-ch"]
[Site "Plunge"]
[Date "2016.01.17"]
[Round "8.3"]
[White "Maciuityte, Meda"]
[Black "Meskenas, Paulius"]
[Result "1/2-1/2"]
[WhiteElo "1603"]
[BlackElo "1569"]
[PlyCount "48"]
[EventDate "2016.01.17"]
[EventType "swiss"]
[EventRounds "9"]
[EventCountry "LTU"]
[SourceTitle "EXT 2024"]
[Source "ChessBase"]
[SourceDate "2023.10.10"]
[SourceVersion "1"]
[SourceVersionDate "2023.10.10"]
[SourceQuality "1"]

1. d4 c5 2. c3 d5 3. g3 Nf6 4. Bg2 e6 5. Nf3 Nc6 6. 0-0 Be7 7. Re1 0-0 8. Nbd2 b6 9. e4 dxe4 10. Nxe4 Nxe4 11. Rxe4 Bb7 12. Re2 Qc7 13. Bf4 Qd7 14. dxc5 Qxd1+ 15. Rxd1 Bxc5 16. Rd7 Ba6 17. Red2 Bb5 18. Rc7 Rad8 19. b4 Be7 20. Rdd7 Bf6 21. Bd2 Be5 22. Nxe5 Nxe5 23. Rxd8 Rxd8 24. Rxa7 Ng6 1/2-1/2

[Event "Plunge City-ch"]
[Site "Plunge"]
[Date "2016.01.17"]
[Round "6.3"]
[White "Maciuityte, Meda"]
[Black "Skierus, Algimantas"]
[Result "1-0"]
[WhiteElo "1603"]
[BlackElo "1925"]
[PlyCount "135"]
[EventDate "2016.01.17"]
[EventType "swiss"]
[EventRounds "9"]
[EventCountry "LTU"]
[SourceTitle "EXT 2024"]
[Source "ChessBase"]
[SourceDate "2023.10.10"]
[SourceVersion "1"]
[SourceVersionDate "2023.10.10"]
[SourceQuality "1"]

1. d4 Nf6 2. Bf4 g6 3. e3 Bg7 4. Nf3 c5 5. c3 0-0 6. h3 Qb6 7. Qc2 d5 8. dxc5 Qxc5 9. Bd3 Nc6 10. 0-0 Nh5 11. Bh2 e5 12. Be2 Re8 13. Rd1 Nf6 14. Qa4 a6 15. b4 Qa7 16. Na3 Ne4 17. Rac1 d4 18. cxd4 exd4 19. Nxd4 Bd7 20. Nxc6 Bxc6 21. Qb3 Rad8 22. Bc4 Rxd1+ 23. Rxd1 b5 24. Bd5 Bxd5 25. Rxd5 Nc3 26. Rc5 Qd7 27. Rc7 Qd1+ 28. Qxd1 Nxd1 29. Ra7 Nc3 30. Rxa6 Nxa2 31. Bd6 Nc3 32. Rb6 Be5 33. Bxe5 Rxe5 34. Nc2 h5 35. Nd4 g5 36. Rc6 Na4 37. Rh6 h4 38. Rf6 Nc3 39. Nc6 Re6 40. Rxe6 fxe6 41. Nd4 Kf7 42. Kf1 e5 43. Nc2 Ke6 44. Ke1 Kd5 45. Na3 Na2 46. Nxb5 Nxb4 47. Nc3+ Ke6 48. Kd2 Kf5 49. Ke2 g4 50. e4+ Kg5 51. Nd5 gxh3 52. gxh3 Nc2 53. Kf3 Nd4+ 54. Ke3 Ne6 55. f3 Nc5 56. f4+ exf4+ 57. Nxf4 Kf6 58. Kd4 Nd7 59. Kd5 Nb6+ 60. Kd4 Nd7 61. Ng2 Kg5 62. e5 Nf8 63. Kd5 Ng6 64. Kd6 Kf5 65. e6 Kf6 66. Ne3 Kg5 67. Nd5 Nh8 68. e7 1-0

[Event "Panevezys op-B 28th"]
[Site "Panevezys"]
[Date "2015.08.21"]
[Round "7"]
[White "Maciuityte, Meda"]
[Black "Jurksaitis, Juozas"]
[Result "1/2-1/2"]
[WhiteElo "1642"]
[BlackElo "1820"]
[PlyCount "26"]
[EventDate "2015.08.17"]
[EventType "swiss"]
[EventRounds "9"]
[EventCountry "LTU"]
[SourceTitle "EXT 2016"]
[Source "ChessBase"]
[SourceDate "2015.10.08"]
[SourceVersion "1"]
[SourceVersionDate "2015.10.08"]
[SourceQuality "1"]

1. e4 c5 2. d4 cxd4 3. c3 d6 4. Nf3 g6 5. Nxd4 Bg7 6. Bc4 Nf6 7. Qe2 0-0 8. 0-0 Nc6 9. Nxc6 bxc6 10. Rd1 Qb6 11. Be3 Qb7 12. f3 Rb8 13. Bb3 a5 1/2-1/2

[Event "Panevezys op-B 28th"]
[Site "Panevezys"]
[Date "2015.08.17"]
[Round "1"]
[White "Maciuityte, Meda"]
[Black "Kirdeikis, Algimantas"]
[Result "1/2-1/2"]
[WhiteElo "1642"]
[BlackElo "1427"]
[PlyCount "113"]
[EventDate "2015.08.17"]
[EventType "swiss"]
[EventRounds "9"]
[EventCountry "LTU"]
[SourceTitle "EXT 2016"]
[Source "ChessBase"]
[SourceDate "2015.10.08"]
[SourceVersion "1"]
[SourceVersionDate "2015.10.08"]
[SourceQuality "1"]

1. d4 d5 2. Bf4 e6 3. Nf3 Nf6 4. e3 a6 5. c3 Nc6 6. Bd3 h6 7. h3 Be7 8. 0-0 0-0 9. Nbd2 Bd6 10. Bxd6 Qxd6 11. Re1 e5 12. dxe5 Nxe5 13. Nxe5 Qxe5 14. Nf3 Qd6 15. Qc2 Be6 16. Rad1 c5 17. e4 dxe4 18. Bxe4 Qc7 19. Bf5 Bxf5 20. Qxf5 Rad8 21. Rd2 Rxd2 22. Nxd2 Rd8 23. Nf3 Qc6 24. Qf4 Qd5 25. Re7 Rd7 26. Rxd7 Qxd7 27. Qc4 Qd6 28. Qb3 b5 29. c4 b4 30. a3 bxa3 31. Qxa3 Ne4 32. Qe3 f5 33. g3 Kf7 34. Kg2 g5 35. g4 Kf6 36. h4 Qf4 37. Qxf4 gxf4 38. g5+ hxg5 39. hxg5+ Nxg5 40. Nxg5 Kxg5 41. Kf3 a5 42. b3 Kf6 43. Kxf4 Ke6 44. Kg5 Ke5 45. f3 f4 46. Kg4 Kd4 47. Kxf4 Kc3 48. Ke4 Kxb3 49. f4 a4 50. f5 a3 51. f6 a2 52. f7 a1Q 53. f8Q Qd4+ 54. Kf3 Kxc4 55. Ke2 Qe4+ 56. Kf1 Kd4 57. Qd8+ 1/2-1/2

[Event "Klaipeda Sea op-B 12th"]
[Site "Klaipeda"]
[Date "2015.07.31"]
[Round "5"]
[White "Maciuityte, Meda"]
[Black "Karlinski, Lukas"]
[Result "0-1"]
[WhiteElo "1642"]
[BlackElo "1503"]
[PlyCount "76"]
[EventDate "2015.07.27"]
[EventType "swiss"]
[EventRounds "7"]
[EventCountry "LTU"]
[SourceTitle "CBM 167 Extra"]
[Source "ChessBase"]
[SourceDate "2015.09.14"]
[SourceVersion "1"]
[SourceVersionDate "2015.09.14"]
[SourceQuality "1"]

1. d4 d5 2. Bf4 Nc6 3. e3 a6 4. Nf3 f6 5. Bd3 Bg4 6. h3 Bh5 7. g4 Bf7 8. c3 g5 9. Bg3 h5 10. Ke2 Qd7 11. Nh2 h4 12. Nf1 hxg3 13. Nxg3 Nh6 14. Nd2 e5 15. f3 0-0-0 16. Rc1 Re8 17. Nh5 Bxh5 18. gxh5 exd4 19. cxd4 Nxd4+ 20. Kf2 Nc6 21. Nb3 Ne5 22. Be2 Nf5 23. Na5 Re6 24. f4 gxf4 25. exf4 Nf7 26. Qd3 Bb4 27. Bg4 Re4 28. Rhd1 Rxf4+ 29. Kg2 Bxa5 30. Qb3 d4 31. Rc5 Ne3+ 32. Qxe3 Rxg4+ 33. hxg4 Qxg4+ 34. Qg3 Qxd1 35. Qg7 Qe2+ 36. Kg1 Bb6 37. Rd5 d3+ 38. Kh1 Qf3+ 0-1

[Event "Klaipeda Sea op-B 12th"]
[Site "Klaipeda"]
[Date "2015.07.30"]
[Round "4"]
[White "Jurcius, Modestas"]
[Black "Maciuityte, Meda"]
[Result "1-0"]
[WhiteElo "1492"]
[BlackElo "1642"]
[PlyCount "105"]
[EventDate "2015.07.27"]
[EventType "swiss"]
[EventRounds "7"]
[EventCountry "LTU"]
[SourceTitle "CBM 167 Extra"]
[Source "ChessBase"]
[SourceDate "2015.09.14"]
[SourceVersion "1"]
[SourceVersionDate "2015.09.14"]
[SourceQuality "1"]

1. e4 e6 2. d4 d5 3. exd5 exd5 4. Bf4 Nf6 5. Qd2 Be7 6. Nc3 Bf5 7. 0-0-0 0-0 8. h3 c6 9. g4 Bg6 10. Be2 Bb4 11. Bd3 Qa5 12. Nge2 Be4 13. g5 Nh5 14. Bxe4 dxe4 15. a3 Bxc3 16. Nxc3 Qf5 17. Be3 Nd7 18. Qe2 Nf4 19. Qc4 Nb6 20. Qc5 Nbd5 21. Kb1 b6 22. Qxc6 Rac8 23. Nxd5 Nxd5 24. Qb7 Rc7 25. Qa6 Rfc8 26. c3 Qe6 27. Qe2 Rxc3 28. Rc1 Rb3 29. Rxc8+ Qxc8 30. Rc1 Qc3 31. Rxc3 Nxc3+ 32. Kc2 Rxb2+ 33. Kxb2 Nxe2 34. Kb3 Ng1 35. h4 Nf3 36. h5 Kf8 37. Kb4 a6 38. d5 b5 39. Ka5 Ne5 40. Kxa6 Nc4 41. Bc5+ Ke8 42. Kxb5 Ne5 43. a4 Kd8 44. a5 Kc8 45. a6 Nd7 46. Kc6 Nb8+ 47. Kb5 Nd7 48. a7 Kb7 49. a8Q+ Kxa8 50. Kc6 Ne5+ 51. Kc7 g6 52. hxg6 hxg6 53. d6 1-0

[Event "Klaipeda Sea op-B 12th"]
[Site "Klaipeda"]
[Date "2015.07.28"]
[Round "2"]
[White "Maciuityte, Meda"]
[Black "Rudzkis, Mazvydas"]
[Result "1-0"]
[WhiteElo "1642"]
[BlackElo "1499"]
[PlyCount "109"]
[EventDate "2015.07.27"]
[EventType "swiss"]
[EventRounds "7"]
[EventCountry "LTU"]
[SourceTitle "CBM 167 Extra"]
[Source "ChessBase"]
[SourceDate "2015.09.14"]
[SourceVersion "1"]
[SourceVersionDate "2015.09.14"]
[SourceQuality "1"]

1. d4 Nf6 2. Bf4 e6 3. Nf3 b6 4. e3 Bb7 5. Nbd2 Be7 6. Bd3 d5 7. c3 Nbd7 8. 0-0 Nh5 9. Bg3 Nxg3 10. hxg3 0-0 11. Qc2 h6 12. e4 dxe4 13. Nxe4 Nf6 14. Ne5 Nxe4 15. Bxe4 Bxe4 16. Qxe4 Qd5 17. Qg4 c5 18. Nf3 Bf6 19. Rfd1 Qc6 20. Rd2 Rfd8 21. Rad1 cxd4 22. Nxd4 Bxd4 23. Rxd4 Qc7 24. Qf3 Rac8 25. Qd3 Rxd4 26. Qxd4 Kf8 27. Rd3 a5 28. Kf1 Qc4 29. Qd7 Qc7 30. Qd6+ Qxd6 31. Rxd6 Rb8 32. a3 Ke7 33. Rd4 b5 34. Ke2 Rb6 35. b4 axb4 36. axb4 Rd6 37. Kd3 Rxd4+ 38. Kxd4 Kd6 39. f4 f6 40. c4 e5+ 41. Kd3 bxc4+ 42. Kxc4 Kc6 43. b5+ Kb6 44. fxe5 fxe5 45. Kd5 Kxb5 46. Kxe5 Kc5 47. g4 g5 48. Kf5 Kd5 49. Kg6 Ke5 50. Kxh6 Kf4 51. Kh5 Ke5 52. Kxg5 Ke6 53. Kg6 Ke7 54. Kg7 Ke8 55. g5 1-0

[Event "Palanga op"]
[Site "Palanga"]
[Date "2015.06.16"]
[Round "2"]
[White "Maciuityte, Meda"]
[Black "Skerba, Gediminas"]
[Result "1-0"]
[WhiteElo "1644"]
[BlackElo "1418"]
[PlyCount "65"]
[EventDate "2015.06.15"]
[EventType "swiss"]
[EventRounds "9"]
[EventCountry "LTU"]
[SourceTitle "CBM 167 Extra"]
[Source "ChessBase"]
[SourceDate "2015.09.14"]
[SourceVersion "1"]
[SourceVersionDate "2015.09.14"]
[SourceQuality "1"]

1. e4 e5 2. Nf3 d5 3. Qe2 Nf6 4. exd5 e4 5. d3 Qxd5 6. Bd2 Bf5 7. Nc3 Qe6 8. Nd4 Qe5 9. Nxf5 Qxf5 10. Nxe4 Nxe4 11. Qxe4+ Qxe4+ 12. dxe4 Nc6 13. Bb5 Bd6 14. 0-0-0 0-0 15. Bxc6 bxc6 16. f4 f6 17. g3 Rfe8 18. Rhe1 Rab8 19. Bc3 Rb5 20. Rd4 Rb7 21. e5 fxe5 22. fxe5 Bc5 23. Rc4 Bb6 24. Rxc6 Rbb8 25. a4 a5 26. e6 Re7 27. Be5 Rbe8 28. Bf4 h6 29. h4 Rd8 30. c4 Rd4 31. b3 Rd3 32. Kc2 Rf3 33. c5 1-0

[Event "Palanga op"]
[Site "Palanga"]
[Date "2015.06.16"]
[Round "3"]
[White "Vicas, Marijus"]
[Black "Maciuityte, Meda"]
[Result "1-0"]
[WhiteElo "2026"]
[BlackElo "1644"]
[PlyCount "63"]
[EventDate "2015.06.15"]
[EventType "swiss"]
[EventRounds "9"]
[EventCountry "LTU"]
[SourceTitle "CBM 167 Extra"]
[Source "ChessBase"]
[SourceDate "2015.09.14"]
[SourceVersion "1"]
[SourceVersionDate "2015.09.14"]
[SourceQuality "1"]

1. e4 e5 2. Nf3 Nc6 3. Bb5 a6 4. Ba4 Nf6 5. 0-0 d6 6. d4 b5 7. dxe5 dxe5 8. Qxd8+ Kxd8 9. Bb3 Be6 10. Nc3 Bd6 11. Bg5 Ne7 12. Rad1 Ke8 13. h3 h6 14. Bxf6 gxf6 15. Nd5 Nxd5 16. Bxd5 Rb8 17. Nh4 Rg8 18. Rd3 Bxd5 19. Rxd5 Rd8 20. Rfd1 h5 21. Nf5 Be7 22. Rxd8+ Bxd8 23. Rd5 Be7 24. h4 c6 25. Rd3 c5 26. Ra3 Kd7 27. Rxa6 Re8 28. Ra7+ Kd8 29. Ng7 Rf8 30. Nxh5 b4 31. Ng7 c4 32. h5 1-0

[Event "LTU-chT (Women)"]
[Site "Lithuania"]
[Date "2015.03.28"]
[Round "6.4"]
[White "Maciuityte, Meda"]
[Black "Sernaite, Austeja"]
[Result "1/2-1/2"]
[WhiteElo "1502"]
[BlackElo "1441"]
[PlyCount "99"]
[EventDate "2015.01.24"]
[EventType "team-swiss"]
[EventRounds "7"]
[EventCountry "LTU"]
[SourceTitle "EXT 2018"]
[Source "ChessBase"]
[SourceDate "2017.10.13"]
[SourceVersion "1"]
[SourceVersionDate "2017.10.13"]
[SourceQuality "1"]
[WhiteTeam "Plunge Bokstas (W) II"]
[BlackTeam "Siauliai Fortuna (W)"]
[WhiteTeamCountry "LTU"]
[BlackTeamCountry "LTU"]

1. e4 d5 2. exd5 Nf6 3. d3 Nxd5 4. Nf3 Bg4 5. Be2 Nc6 6. 0-0 g6 7. h3 Bxf3 8. Bxf3 Bg7 9. c3 0-0 10. Re1 Qd6 11. Nd2 e6 12. Ne4 Qe7 13. Bd2 Rad8 14. d4 h6 15. Qc1 Kh7 16. Nc5 b6 17. Nd3 a5 18. a3 Qd7 19. Qc2 Rfe8 20. Nf4 Nxf4 21. Bxf4 Ne7 22. h4 Kh8 23. h5 Kh7 24. g4 Kh8 25. g5 Kh7 26. hxg6+ Nxg6 27. Be4 e5 28. Bg3 hxg5 29. Bf5 Qd5 30. dxe5 Qd2 31. Qb3 Qd5 32. c4 Qc5 33. Qf3 Kh6 34. Kg2 Bxe5 35. Bxg6 fxg6 36. Bxe5 Rxe5 37. Rh1+ Kg7 38. Qc3 Qd4 39. Qc2 Qe4+ 40. Qxe4 Rxe4 41. b3 a4 42. c5 axb3 43. cxb6 cxb6 44. Rab1 Rd3 45. Rhc1 Kf6 46. Rc6+ Re6 47. Rc4 b2 48. Rxb2 Rxa3 49. Rcb4 Ra6 50. Rb5 1/2-1/2

[Event "LTU-ch sf (Women)"]
[Site "Vilnius"]
[Date "2015.02.21"]
[Round "4"]
[White "Rauckyte, Kamile"]
[Black "Maciuityte, Meda"]
[Result "1/2-1/2"]
[WhiteElo "1361"]
[BlackElo "1502"]
[PlyCount "123"]
[EventDate "2015.02.18"]
[EventType "swiss"]
[EventRounds "8"]
[EventCountry "LTU"]
[SourceTitle "EXT 2018"]
[Source "ChessBase"]
[SourceDate "2017.10.13"]
[SourceVersion "1"]
[SourceVersionDate "2017.10.13"]
[SourceQuality "1"]

1. d4 Nf6 2. c4 g6 3. Nc3 Bg7 4. e4 0-0 5. f3 d6 6. Be3 e5 7. d5 Ne8 8. Qd2 f5 9. h4 f4 10. Bf2 Nf6 11. g4 fxg3 12. Bxg3 Nh5 13. Bf2 Qf6 14. Bh3 Bxh3 15. Rxh3 Nf4 16. Rg3 Nd7 17. Nge2 Bh6 18. Qc2 Kh8 19. Ng1 b6 20. Nb1 Qxh4 21. Rxg6 Qh2 22. Rg3 Ng2+ 23. Kd1 Ne3+ 24. Bxe3 Qxg3 25. Ne2 Qh3 26. Bxh6 Qxh6 27. Qc3 Qh1+ 28. Kd2 Rxf3 29. Qc2 Nc5 30. a4 Rd3+ 31. Qxd3 Nxd3 32. Kxd3 Qd1+ 33. Ke3 Qb3+ 34. Nbc3 Qxc4 35. Rc1 Qc5+ 36. Kd3 Qf2 37. Rg1 Rf8 38. Kc2 Qh2 39. Kd1 Rf2 40. b3 Qh3 41. Kd2 Qh2 42. Kd1 Qh6 43. Ke1 Qe3 44. Rg3 Rxe2+ 45. Nxe2 Qxe4 46. Rc3 Qxd5 47. Rxc7 a5 48. Rc3 Qe4 49. Kd2 d5 50. Re3 Qb4+ 51. Kc2 d4 52. Rxe5 d3+ 53. Kxd3 Qxb3+ 54. Nc3 Qa3 55. Rb5 Qd6+ 56. Rd5 Qc6 57. Rb5 Qg6+ 58. Kd4 Qg4+ 59. Kd3 Qf3+ 60. Kd4 h5 61. Ne4 Qd1+ 62. Ke3 1/2-1/2

[Event "Plunge op 34th"]
[Site "Plateliai"]
[Date "2014.07.18"]
[Round "7"]
[White "Riauka, Vytautas"]
[Black "Maciuityte, Meda"]
[Result "1/2-1/2"]
[WhiteElo "1588"]
[BlackElo "1518"]
[PlyCount "78"]
[EventDate "2014.07.14"]
[EventType "swiss"]
[EventRounds "9"]
[EventCountry "LTU"]
[SourceTitle "EXT 2015"]
[Source "ChessBase"]
[SourceDate "2014.11.20"]
[SourceVersion "1"]
[SourceVersionDate "2014.11.20"]
[SourceQuality "1"]

1. d4 Nf6 2. c4 g6 3. Nf3 Bg7 4. Nc3 0-0 5. Bg5 d6 6. e3 h6 7. Bxf6 Bxf6 8. Bd3 e5 9. Ne4 Bg7 10. Ng3 f5 11. dxe5 dxe5 12. Bc2 e4 13. Nd4 c5 14. Nb5 Bxb2 15. Qxd8 Rxd8 16. Rb1 Be5 17. 0-0 Be6 18. Bb3 Nc6 19. Ne2 Rd2 20. Nf4 Bxf4 21. exf4 Rad8 22. Nc7 Bf7 23. Nd5 Na5 24. Rfd1 Nxb3 25. axb3 Rxd1+ 26. Rxd1 Kg7 27. Ne3 Rd4 28. Ra1 Rd3 29. Rb1 b5 30. Kf1 bxc4 31. bxc4 Rc3 32. Rb7 Kf6 33. Rxa7 Bxc4+ 34. Nxc4 Rxc4 35. Ra6+ Kf7 36. Rc6 Rc1+ 37. Ke2 h5 38. h4 Rc3 39. Kd2 Rc4 1/2-1/2

[Event "Plunge op 34th"]
[Site "Plateliai"]
[Date "2014.07.14"]
[Round "1"]
[White "Maciuityte, Meda"]
[Black "Kalvaitis, Sigitas"]
[Result "0-1"]
[WhiteElo "1518"]
[BlackElo "2247"]
[PlyCount "42"]
[EventDate "2014.07.14"]
[EventType "swiss"]
[EventRounds "9"]
[EventCountry "LTU"]
[SourceTitle "EXT 2015"]
[Source "ChessBase"]
[SourceDate "2014.11.20"]
[SourceVersion "1"]
[SourceVersionDate "2014.11.20"]
[SourceQuality "1"]

1. e4 Nf6 2. d3 e5 3. Nf3 Nc6 4. Nc3 d5 5. Bg5 d4 6. Ne2 h6 7. Bd2 Bc5 8. Ng3 g5 9. h3 Be6 10. Be2 Qe7 11. c3 g4 12. hxg4 dxc3 13. Bxc3 Nxg4 14. Rf1 0-0-0 15. Qd2 Rhg8 16. Nf5 Bxf5 17. exf5 e4 18. f6 Qe6 19. Kd1 exd3 20. Bxd3 Rxd3 21. Qxd3 Rd8 0-1

[Event "Palanga Baltija op-A"]
[Site "Palanga"]
[Date "2014.06.18"]
[Round "4"]
[White "Salna, Aleksandras"]
[Black "Maciuityte, Meda"]
[Result "1-0"]
[WhiteElo "1709"]
[BlackElo "1499"]
[PlyCount "93"]
[EventDate "2014.06.16"]
[EventType "swiss"]
[EventRounds "9"]
[EventCountry "LTU"]
[SourceTitle "CBM 161 Extra"]
[Source "ChessBase"]
[SourceDate "2014.08.29"]
[SourceVersion "1"]
[SourceVersionDate "2014.08.29"]
[SourceQuality "1"]

1. d4 Nf6 2. Nf3 g6 3. Bf4 Bg7 4. h3 d5 5. e3 Nc6 6. Be2 0-0 7. 0-0 Ne4 8. Nbd2 f5 9. c4 e6 10. Rc1 h6 11. cxd5 exd5 12. Bb5 Bd7 13. Qb3 Be8 14. Bxc6 Bxc6 15. Nxe4 fxe4 16. Ne5 g5 17. Nxc6 bxc6 18. Bh2 Qd7 19. Rc5 Rab8 20. Qc3 Rb6 21. Rc1 Rfb8 22. b3 Bf8 23. Rxc6 Rxc6 24. Qxc6 Qxc6 25. Rxc6 a5 26. Rxc7 Rb5 27. Ra7 Bb4 28. Bc7 Bd2 29. Ra8+ Kh7 30. Rb8 Rb4 31. Rxb4 axb4 32. Bd6 Kg6 33. Kf1 Kf7 34. Ke2 Bc3 35. f3 Ke6 36. Bf8 h5 37. fxe4 dxe4 38. g4 hxg4 39. hxg4 Kf6 40. a3 bxa3 41. Bxa3 Ba5 42. Bc5 Ke6 43. b4 Bc7 44. b5 Bb8 45. Kd2 Kd7 46. Kc3 Bh2 47. d5 1-0

[Event "Palanga Baltija op-A"]
[Site "Palanga"]
[Date "2014.06.17"]
[Round "3"]
[White "Maciuityte, Meda"]
[Black "Barsciauskas, Gintautas"]
[Result "0-1"]
[WhiteElo "1499"]
[BlackElo "1775"]
[PlyCount "68"]
[EventDate "2014.06.16"]
[EventType "swiss"]
[EventRounds "9"]
[EventCountry "LTU"]
[SourceTitle "CBM 161 Extra"]
[Source "ChessBase"]
[SourceDate "2014.08.29"]
[SourceVersion "1"]
[SourceVersionDate "2014.08.29"]
[SourceQuality "1"]

1. e4 e5 2. Nf3 d6 3. d4 exd4 4. Nxd4 Nf6 5. Nc3 Be7 6. Be2 0-0 7. 0-0 Bd7 8. Be3 Nc6 9. f4 Re8 10. f5 Ne5 11. g4 c5 12. Nb3 Bc6 13. Nd2 d5 14. Bf4 Bd6 15. Bg5 d4 16. Nd5 Ned7 17. Nc4 Qb8 18. Nxf6+ Nxf6 19. Nxd6 Qxd6 20. Bxf6 Qxf6 21. Bf3 Bxe4 22. Bxe4 Rxe4 23. Qf3 Rae8 24. Rf2 Qh4 25. h3 Re3 26. Qxb7 Rxh3 27. Raf1 Rg3+ 28. Rg2 Qxg4 29. Rxg3 Qxg3+ 30. Kh1 h5 31. f6 Re2 32. Qc8+ Kh7 33. Qf5+ g6 34. Rf2 Rxf2 0-1

[Event "LTU-ch U16 Girls"]
[Site "Panevezys"]
[Date "2014.03.26"]
[Round "3"]
[White "Maciuityte, Meda"]
[Black "Meskenaite, Rugile"]
[Result "1/2-1/2"]
[WhiteElo "1492"]
[BlackElo "1536"]
[PlyCount "32"]
[EventDate "2014.03.25"]
[EventType "swiss"]
[EventRounds "9"]
[EventCountry "LTU"]
[SourceTitle "EXT 2016"]
[Source "ChessBase"]
[SourceDate "2015.10.08"]
[SourceVersion "1"]
[SourceVersionDate "2015.10.08"]
[SourceQuality "1"]

1. e4 e5 2. Nf3 Nc6 3. Nc3 Nf6 4. Bb5 d6 5. h3 Be7 6. 0-0 0-0 7. d4 exd4 8. Nxd4 Nxd4 9. Qxd4 c6 10. Bd3 b6 11. Bg5 h6 12. Bh4 Bb7 13. Rfe1 Rc8 14. Qe3 Re8 15. Bg3 Qd7 16. Rad1 Qe6 1/2-1/2

[Event "LTU-chT (Women)"]
[Site "Lithuania"]
[Date "2014.03.16"]
[Round "5"]
[White "Maciuityte, Meda"]
[Black "Navickaite, Sandra"]
[Result "1/2-1/2"]
[WhiteElo "1456"]
[BlackElo "1738"]
[PlyCount "139"]
[EventDate "2014.02.08"]
[EventType "team-tourn"]
[EventRounds "5"]
[EventCountry "LTU"]
[SourceTitle "EXT 2016"]
[Source "ChessBase"]
[SourceDate "2015.10.08"]
[SourceVersion "1"]
[SourceVersionDate "2015.10.08"]
[SourceQuality "1"]

1. e4 e5 2. Nf3 Nf6 3. Nc3 Nc6 4. d4 exd4 5. Nxd4 Bb4 6. Nxc6 bxc6 7. Bd3 d5 8. exd5 cxd5 9. 0-0 0-0 10. Bg5 c6 11. Qf3 Bd6 12. h3 Rb8 13. Rab1 Re8 14. Ne2 h6 15. Bh4 Be5 16. c3 c5 17. Bg3 Bxg3 18. fxg3 Qe7 19. Nf4 Qe3+ 20. Kh2 Qxf3 21. Rxf3 c4 22. Bf1 Bf5 23. Rd1 Rxb2 24. Nxd5 Nxd5 25. Rxd5 Be4 26. Re3 Bxd5 27. Rxe8+ Kh7 28. Re5 Rd2 29. Re2 Rd1 30. Kg1 Rc1 31. Re3 f6 32. g4 Rc2 33. a4 Ra2 34. Re2 Rxa4 35. Rd2 Ra5 36. Rd4 Rc5 37. Kf2 a5 38. Ke1 a4 39. Rd1 Be4 40. Ra1 Bc2 41. Kd2 Bb3 42. Kc1 f5 43. gxf5 Rxf5 44. Bxc4 Bxc4 45. Rxa4 Bf1 46. Rg4 Rf2 47. Rg3 Bxg2 48. c4 Rf3 49. Rxg2 Rxh3 50. c5 Ra3 51. c6 Ra7 52. Rd2 Rc7 53. Rd6 Kg8 54. Kd2 Kf7 55. Ke3 Ke7 56. Rg6 Kd8 57. Kf4 Re7 58. Kf5 Kc7 59. Kf4 Rf7+ 60. Kg4 Kb6 61. Kg3 Kc5 62. Kg4 Kd5 63. Kg3 Ke5 64. Kg4 Rc7 65. Kh5 Rf7 66. Kg4 Rf4+ 67. Kh5 Rc4 68. Rxg7 Rxc6 69. Rg6 Rc1 70. Kxh6 1/2-1/2

[Event "LTU-ch sf (Women)"]
[Site "Vilnius"]
[Date "2014.02.23"]
[Round "7"]
[White "Maciuityte, Meda"]
[Black "Urbonaviciute, Zivile"]
[Result "0-1"]
[WhiteElo "1471"]
[BlackElo "1831"]
[PlyCount "72"]
[EventDate "2014.02.17"]
[EventType "swiss"]
[EventRounds "7"]
[EventCountry "LTU"]
[SourceTitle "CBM 158 Extra"]
[Source "ChessBase"]
[SourceDate "2014.02.28"]
[SourceVersion "1"]
[SourceVersionDate "2014.02.28"]
[SourceQuality "1"]

1. d4 d5 2. Nc3 Nf6 3. Bg5 c6 4. e3 Nbd7 5. Nf3 h6 6. Bh4 e6 7. Be2 Qc7 8. a3 Bd6 9. Bg3 e5 10. dxe5 Nxe5 11. Nd4 a6 12. 0-0 0-0 13. Nf3 Bf5 14. Rc1 Rad8 15. Qd4 Nxf3+ 16. Bxf3 Ne4 17. Bxd6 Nxd6 18. Ne2 Nc4 19. Ng3 Bg6 20. Rfd1 Qe5 21. Qxe5 Nxe5 22. Be2 Nc4 23. Bxc4 dxc4 24. Rd4 Rxd4 25. exd4 Re8 26. Kf1 b5 27. Ne2 a5 28. f3 b4 29. axb4 axb4 30. Kf2 Ra8 31. c3 b3 32. Rd1 Ra2 33. Rd2 Bc2 34. Nc1 Rxb2 35. Nxb3 cxb3 36. Ke3 Ra2 0-1

[Event "LTU-ch sf (Women)"]
[Site "Vilnius"]
[Date "2014.02.22"]
[Round "6"]
[White "Gailiunaite, Saule"]
[Black "Maciuityte, Meda"]
[Result "0-1"]
[WhiteElo "1639"]
[BlackElo "1471"]
[PlyCount "94"]
[EventDate "2014.02.17"]
[EventType "swiss"]
[EventRounds "7"]
[EventCountry "LTU"]
[SourceTitle "CBM 158 Extra"]
[Source "ChessBase"]
[SourceDate "2014.02.28"]
[SourceVersion "1"]
[SourceVersionDate "2014.02.28"]
[SourceQuality "1"]

1. d4 d5 2. c4 e5 3. dxe5 d4 4. Nf3 Ne7 5. g3 Ng6 6. Bg5 Qd7 7. e6 fxe6 8. Bc1 c5 9. Bg2 h5 10. h4 Be7 11. Qd3 Nf8 12. Ne5 Qc7 13. Ng6 Nxg6 14. Qxg6+ Kd8 15. Qxg7 Re8 16. 0-0 Nc6 17. Qh6 Qe5 18. Bf3 Rh8 19. Qd2 Bd7 20. Qd1 b6 21. Bf4 Qg7 22. Kh2 e5 23. Bc1 Kc7 24. Bg2 Rag8 25. Bd5 Rf8 26. f4 Qg4 27. Rf3 Qh3+ 28. Kg1 exf4 29. Bxf4+ Rxf4 30. gxf4 Qg4+ 31. Kf1 Bxh4 32. Na3 Ne7 33. e4 Bg3 34. Ke2 Ng6 35. Kd2 Bxf4+ 36. Kc2 Qg2+ 37. Kb1 Bg4 38. Qa4 Qxf3 39. Qc6+ Kd8 40. Qf6+ Kd7 41. Kc2 d3+ 42. Kb3 d2+ 43. Ka4 d1Q+ 44. Rxd1 Qxd1+ 45. b3 Qd2 46. Qc6+ Ke7 47. Qb7+ Bd7+ 0-1